Odborné stretnutie s dielom a osobnosťou Ladislava Beisetzera (1921-1986)

Salvato in:
Dettagli Bibliografici
Natura: Libro
Lingua:slovacco
Pubblicazione: Bratislava : Fakulta architektúry SVŠT, december 1986
Edizione:1. vydanie
Soggetti:
Tags: Aggiungi Tag
Nessun Tag, puoi essere il primo ad aggiungerne!!

MARC

LEADER 00000nam a22000003a 4500
001 0101049
003 SK-STU
005 20230327124348.0
007 ta
008 230327s ----xo-----e------000-0-----d
040 |a STU  |b slo 
041 0 |a slo 
044 |a xo 
245 1 0 |a Odborné stretnutie s dielom a osobnosťou Ladislava Beisetzera (1921-1986) 
250 |a 1. vydanie 
260 |a Bratislava :  |b Fakulta architektúry SVŠT,  |c december 1986 
300 |a 16 s.,  |b 200 ks 
650 0 7 |a architekti slovenskí 
650 0 7 |a slovenská architektúra 20. storočia 
650 0 7 |a architektonické dielo 
996 |b 284AU09538  |c A* 12893/U  |l AAKNAR  |s A  |a 24  |w 0101049_0001